| 000 | 01577nam0a2200409 4500 | ||
|---|---|---|---|
| 001 | RU\NLR\bibl\1014505 | ||
| 005 | 20260406055254.0 | ||
| 010 |
_a5-8033-0368-2 _91560 |
||
| 021 |
_aRU _b2006-67976 _93415 |
||
| 035 | _a(NLR Aleph) 001002102 | ||
| 090 |
_a585170 _c585170 |
||
| 100 | _a20061020d2006 |||y0rusy50 ca | ||
| 101 | 0 |
_arus _aswe |
|
| 102 | _aRU | ||
| 105 | _ay ||||||||| | ||
| 200 | 1 |
_aБольшой русско-шведский словарь _dStor rysk-svensk ordbok _eоколо 150000 слов и словосочетаний _f[С.С. Маслова-Лашанская и др.] _gпод ред. К. Давидссон |
|
| 205 | _a5-е изд., стер. | ||
| 210 |
_aМосква _cРусский язык _d2006 |
||
| 215 |
_a950, [1] с. _d24 |
||
| 320 | _aБиблиогр.: с. 6-7 | ||
| 510 | 0 | _aStor rysk-svensk ordbok | |
| 606 | 0 |
_aРусский язык _xСловари _xШведский язык _91540620 _3RU\NLR\auth\66972873 |
|
| 610 | 0 | _aРусско-шведские словари | |
| 675 |
_a811.161.1'374-113.6 _v3 _zrus |
||
| 686 |
_a16.41 _2rugasnti |
||
| 686 |
_a81.2Шве-4 _2rubbk |
||
| 686 | _aШ141.12-481 | ||
| 686 | _aШ143.32-482 | ||
| 702 | 1 |
_aДавидссон _bК. _gКарин _4340 |
|
| 702 | 1 |
_4070 _8rus _7ca _aМаслова-Лашанская _bС. С. _f1916-1990 _gСарра Семеновна _3RU\NLR\auth\779676 _9119489 |
|
| 801 | 0 |
_aRU _bRKP _c20020419 _gPSBO |
|
| 801 | 1 |
_aRU _bRKP _c20020419 |
|
| 801 | 2 |
_aRU _bNLR _c20070111 _grcr |
|
| 942 | _cBOOK | ||
| 980 | _aNB | ||